[Event "COL-ch"]
[Site "Bogota"]
[Date "2018.11.09"]
[Round "6"]
[White "Serrato, Rafael Antonio"]
[Black "Santamaria Vargas, Miguel"]
[Result "0-1"]
[WhiteElo "1848"]
[BlackElo "1919"]
[PlyCount "34"]
[EventDate "2018.11.06"]
[EventType "swiss"]
[EventRounds "9"]
[EventCountry "COL"]
[SourceTitle "CBM 187 Extra"]
[Source "ChessBase"]
[SourceDate "2018.11.04"]
[SourceVersion "1"]
[SourceVersionDate "2018.11.04"]
[SourceQuality "1"]

1. d4 Nf6 2. Nf3 e6 3. Bf4 Be7 4. Nbd2 0-0 5. e4 d6 6. h3 b6 7. Bd3 Bb7 8. 0-0 Nbd7 9. Qe2 Rc8 10. Bh2 c5 11. c3 h6 12. Nc4 Nxe4 13. Bxe4 d5 14. Ncd2 dxe4 15. Nxe4 Bd5 16. Rfe1 Nf6 17. Nfd2 Bd6 0-1

[Event "COL-ch"]
[Site "Bogota"]
[Date "2018.11.07"]
[Round "2"]
[White "Santamaria Vargas, Miguel"]
[Black "Garcia Alarcon, Alvaro"]
[Result "0-1"]
[WhiteElo "1919"]
[BlackElo "2110"]
[PlyCount "44"]
[EventDate "2018.11.06"]
[EventType "swiss"]
[EventRounds "9"]
[EventCountry "COL"]
[SourceTitle "CBM 187 Extra"]
[Source "ChessBase"]
[SourceDate "2018.11.04"]
[SourceVersion "1"]
[SourceVersionDate "2018.11.04"]
[SourceQuality "1"]

1. e4 g6 2. d4 Bg7 3. Nf3 c5 4. c3 Qb6 5. Bc4 cxd4 6. cxd4 Nc6 7. e5 Qb4+ 8. Nbd2 Nh6 9. a3 Qb6 10. 0-0 Nf5 11. Nb3 a5 12. Re1 a4 13. Nc5 Nfxd4 14. Nxa4 Rxa4 15. Qxa4 Nxf3+ 16. gxf3 Nxe5 17. Be2 0-0 18. Qb4 Qf6 19. Qf4 Qb6 20. Rb1 d6 21. Be3 Qb3 22. Qb4 Qe6 0-1

[Event "COL-ch Amateur"]
[Site "Colombia"]
[Date "2014.03.14"]
[Round "6"]
[White "Santamaria Vargas, Miguel"]
[Black "Cordoba Rodriguez, Milton Dennis"]
[Result "1-0"]
[WhiteElo "1895"]
[BlackElo "1939"]
[PlyCount "53"]
[EventDate "2014.03.12"]
[EventType "swiss"]
[EventRounds "9"]
[EventCountry "COL"]
[SourceTitle "CBM 159 Extra"]
[Source "ChessBase"]
[SourceDate "2014.04.24"]
[SourceVersion "1"]
[SourceVersionDate "2014.04.24"]
[SourceQuality "1"]

1. e4 e6 2. d4 d5 3. Nc3 Nf6 4. Bg5 Be7 5. e5 Nfd7 6. Bxe7 Qxe7 7. Qg4 g6 8. Bd3 Qb4 9. 0-0-0 a6 10. f4 Qxd4 11. Nf3 Qb4 12. Rhe1 Nc5 13. Nxd5 Qa5 14. Nf6+ Kf8 15. Bc4 Nc6 16. Qh4 h6 17. Rd2 b5 18. Red1 Bb7 19. Nd7+ Nxd7 20. Bxe6 Nc5 21. Bxf7 Kxf7 22. Qf6+ Kg8 23. Qxg6+ Kf8 24. Qf6+ Kg8 25. Rd7 Nxd7 26. Qe6+ Kf8 27. Rxd7 1-0

[Event "San Cristobal Bolivar op 1st"]
[Site "San Cristobal"]
[Date "2012.09.26"]
[Round "2"]
[White "Acosta Villarroel, Lorner Justus"]
[Black "Santamaria Vargas, Miguel"]
[Result "1-0"]
[WhiteElo "2201"]
[BlackElo "1917"]
[PlyCount "77"]
[EventDate "2012.09.25"]
[EventType "swiss"]
[EventRounds "10"]
[EventCountry "VEN"]
[SourceTitle "EXT 2013"]
[Source "ChessBase"]
[SourceDate "2012.11.22"]
[SourceVersion "1"]
[SourceVersionDate "2012.11.22"]
[SourceQuality "1"]

1. d4 Nf6 2. Nf3 b6 3. e3 Bb7 4. Bd3 e6 5. 0-0 Be7 6. b3 0-0 7. Nbd2 Nd5 8. c4 Nb4 9. Bb1 f5 10. a3 N4a6 11. Bb2 c6 12. e4 fxe4 13. Nxe4 Nc7 14. Ng3 Bf6 15. Re1 d5 16. Ne5 Nd7 17. Qh5 g6 18. Nxg6 Rf7 19. Nf4 Nf8 20. Qg4+ Kh8 21. Bc2 Rg7 22. Qf3 Qe7 23. Nfh5 Rf7 24. Nxf6 Rxf6 25. Qe2 Nd7 26. Bc1 Rg8 27. Nh5 Rf7 28. Bf4 Rxf4 29. Nxf4 Qg7 30. Qh5 Nf8 31. Qe5 dxc4 32. bxc4 Qxe5 33. Rxe5 Nd7 34. Re3 c5 35. Rd1 Rg4 36. g3 cxd4 37. Rxd4 e5 38. Rxd7 exf4 39. Rd8+ 1-0

[Event "Bogota Region-ch Amateur"]
[Site "Bogota"]
[Date "2012.03.04"]
[Round "5.3"]
[White "Santamaria Vargas, Miguel"]
[Black "Silva, Jorge"]
[Result "0-1"]
[WhiteElo "1953"]
[BlackElo "1968"]
[PlyCount "76"]
[EventDate "2012.03.01"]
[EventType "swiss"]
[EventRounds "7"]
[EventCountry "COL"]
[SourceTitle "EXT 2024"]
[Source "ChessBase"]
[SourceDate "2023.10.10"]
[SourceVersion "1"]
[SourceVersionDate "2023.10.10"]
[SourceQuality "1"]

1. e4 e5 2. Nf3 Nc6 3. Bc4 Bc5 4. c3 Nf6 5. 0-0 Bb6 6. d3 d6 7. h3 Qe7 8. Be3 0-0 9. Nbd2 Be6 10. Re1 Rad8 11. Bb5 h6 12. Nf1 Rfe8 13. Ng3 Bxe3 14. fxe3 Nh7 15. Kh2 Ng5 16. Nxg5 Qxg5 17. Bxc6 bxc6 18. Qe2 d5 19. Rf1 Rd6 20. Nf5 Bxf5 21. Rxf5 Qg6 22. Raf1 dxe4 23. dxe4 Red8 24. Qc4 Rd2 25. R5f2 R8d3 26. Kh1 Rxf2 27. Rxf2 Rxe3 28. Rf5 Rg3 29. Qf1 Qe6 30. a3 Re3 31. a4 Rxe4 32. Rf3 Rxa4 33. Qd1 Ra2 34. Qd8+ Kh7 35. Qxc7 f5 36. Rd3 Rxb2 37. Rd6 Qc4 38. Rxh6+ Kxh6 0-1

[Event "COL-ch Amateur"]
[Site "Neiva"]
[Date "2011.06.05"]
[Round "9"]
[White "Santamaria Vargas, Miguel"]
[Black "Perez, Laura"]
[Result "0-1"]
[WhiteElo "1953"]
[BlackElo "1891"]
[PlyCount "28"]
[EventDate "2011.06.02"]
[EventType "swiss"]
[EventRounds "9"]
[EventCountry "COL"]
[SourceTitle "CBM 142 Extra"]
[Source "ChessBase"]
[SourceDate "2011.06.27"]
[SourceVersion "1"]
[SourceVersionDate "2011.06.27"]
[SourceQuality "1"]

1. e4 c5 2. Nf3 d6 3. Bc4 e6 4. Qe2 Nd7 5. d3 a6 6. Be3 Qc7 7. Nbd2 Ngf6 8. Bb3 b5 9. a3 Bb7 10. h3 d5 11. 0-0-0 dxe4 12. dxe4 c4 13. Ba2 c3 14. Nb3 Nxe4 0-1

[Event "COL-ch Amateur"]
[Site "Neiva"]
[Date "2011.06.04"]
[Round "8"]
[White "Lopez Idarraga, Daniel Eduardo"]
[Black "Santamaria Vargas, Miguel"]
[Result "1-0"]
[WhiteElo "1981"]
[BlackElo "1953"]
[PlyCount "55"]
[EventDate "2011.06.02"]
[EventType "swiss"]
[EventRounds "9"]
[EventCountry "COL"]
[SourceTitle "CBM 142 Extra"]
[Source "ChessBase"]
[SourceDate "2011.06.27"]
[SourceVersion "1"]
[SourceVersionDate "2011.06.27"]
[SourceQuality "1"]

1. e4 c5 2. Nc3 Nc6 3. Bb5 e6 4. Bxc6 dxc6 5. f4 Be7 6. Nf3 Nf6 7. 0-0 Ng4 8. d3 Qc7 9. Ng5 h5 10. h3 Nf6 11. a4 a5 12. b3 b6 13. Ba3 Ba6 14. e5 Nd7 15. Nce4 g6 16. Bb2 Nf8 17. Nd6+ Kd7 18. Ngxf7 Rg8 19. Re1 Qa7 20. c4 Kc7 21. d4 cxd4 22. Bxd4 Nd7 23. Qc2 Raf8 24. Qe4 Bb7 25. Nxb7 Kxb7 26. Nd6+ Bxd6 27. exd6 Re8 28. b4 1-0